Ballon d'Or 1984 - Statistiken

Allgemein
  • Dieses Quiz wurde 28 mal gespielt
  • Das Durchschnittsergebnis liegt bei 8 aus 26
Antwortstatistiken
Platz Spieler Verein/e Nation Punkte % Korrekt
8. Karl-Heinz Rummenigge FC Bayern München/Inter Mailand Deutschland 10
89%
1. Michel Platini Juventus Turin Frankreich 128
89%
11. Bernd Schuster FC Barcelona Deutschland 6
67%
7. Toni Schumacher 1.FC Köln Deutschland 12
67%
14. Hans-Peter Briegel 1.FC Kaiserslautern/Hellas Verona Deutschland 3
59%
4. Ian Rush FC Liverpool Wales 44
56%
9. Alain Giresse FC Girondins Bordeaux Frankreich 9
44%
18. Morten Olsen RSC Anderlecht Dänemark 2
44%
18. Jesper Olsen Ajax Amsterdam/Manchester United Dänemark 2
41%
14. Klaus Allofs 1.FC Köln Deutschland 3
33%
12. Enzo Scifo RSC Anderlecht Belgien 5
22%
18. Gordon Strachan AFC Aberdeen/Manchester United Schottland 2
22%
2. Jean Tigana FC Girondins Bordeaux Frankreich 57
22%
3. Preben Elkjaer SC Lokeren/Hellas Verona Dänemark 48
22%
22. Rinat Dasayev FC Spartak Moskau Sowjetunion 1
22%
14. Antonio Cabrini Juventus Turin Italien 3
19%
12. Maxime Bossis FC Nantes Frankreich 5
19%
10. Bryan Robson Manchester United England 7
15%
22. Torbjörn Nilsson 1.FC Kaiserslautern/IFK Göteborg Schweden 1
15%
5. Fernando Chalana Benfica Lissabon/FC Girondins Bordeaux Portugal 18
11%
6. Graeme Souness FC Liverpool/Sampdoria Genua Schottland 16
11%
22. Antonio Maceda Sporting Gijón Spanien 1
7%
22. Mark Hateley FC Portsmouth/AC Mailand England 1
7%
14. Rui Jordao Sporting Lissabon Portugal 3
7%
18. Paul McStay Celtic Glasgow Schottland 2
4%
22. Silviu Lung Universitatea Craiova Rumänien 1
4%
Keine übereinstimmenden Quizze gefunden
Verteilung der Resultate
Anzahl Personen mit jedem Resultat
Perzentil nach korrekt beantworteten Fragen
Ihre Resultats-Entwicklung
Sie haben dieses Quiz noch nicht gespielt